|
|
|
|
| LEADER |
00000nam0a2200000 4500 |
| 001 |
99162 |
| 005 |
20231031111556.0 |
| 010 |
|
|
|a 5020007986
|
| 020 |
|
|
|a RU
|b 89-72704
|
| 035 |
|
|
|a (RuTPU)RU\TPU\book\106382
|
| 090 |
|
|
|a 99162
|
| 100 |
|
|
|a 20060629d1989 k a0rusy5003 ca
|
| 101 |
0 |
|
|a rus
|
| 102 |
|
|
|a RU
|
| 105 |
|
|
|a a z 001zy
|
| 200 |
1 |
|
|a Лазерное термооптическое возбуждение звука
|f Л. М. Лямшев
|g отв. ред. В. И. Ильичев
|
| 210 |
|
|
|a Москва
|c Наука
|d 1989
|
| 215 |
|
|
|a 237,[1] с.
|c ил.
|d 22 см
|
| 320 |
|
|
|a Библиогр.: с. 229-234 (134 назв.)
|
| 610 |
1 |
|
|a звук
|
| 610 |
1 |
|
|a лазерное возбуждение
|
| 610 |
1 |
|
|a лазерные импульсы
|
| 675 |
|
|
|a 534.2
|z rus
|
| 700 |
|
1 |
|a Лямшев
|b Л. М.
|g Леонид Михайлович
|4 070
|
| 702 |
|
1 |
|a Ильичев
|b В. И.
|4 340
|
| 801 |
|
0 |
|a RU
|b RuMRKP
|c 19950417
|g psbo
|
| 801 |
|
1 |
|a RU
|b 63413507
|c 20060629
|g PSBO
|
| 801 |
|
2 |
|a RU
|b 63413507
|c 20070321
|g PSBO
|
| 942 |
|
|
|c BK
|